Troubled Testimonies: (Record no. 102164)
[ view plain ]
| 000 -LEADER | |
|---|---|
| fixed length control field | 00956nam a22002537a 4500 |
| 005 - DATE AND TIME OF LATEST TRANSACTION | |
| control field | 20180301113340.0 |
| 010 ## - LCCN (DPL NO) | |
| LC control number | 1617EN ENG-117014 |
| 020 ## - INTERNATIONAL STANDARD BOOK NUMBER | |
| International Standard Book Number | 9781138668546 |
| Terms of availability | 895.00 |
| 035 ## - SYSTEM CONTROL NUMBER | |
| System control number | B-649781-787 |
| 035 ## - SYSTEM CONTROL NUMBER | |
| System control number | EN-100546 |
| 035 ## - SYSTEM CONTROL NUMBER | |
| System control number | B-664943 |
| 037 ## - SOURCE OF ACQUISITION | |
| Stock number | DPL |
| Source of stock number/acquisition | UPPAL |
| 037 ## - SOURCE OF ACQUISITION | |
| Source of stock number/acquisition | DBAD/PUB |
| 082 ## - DEWEY DECIMAL CLASSIFICATION NUMBER | |
| Classification number | N |
| 100 ## - MAIN ENTRY--PERSONAL NAME | |
| Personal name | Bharat, Meenakshi |
| 245 ## - TITLE STATEMENT | |
| Title | Troubled Testimonies: |
| Statement of responsibility, etc | by Meenakshi Bharat |
| Remainder of title | terrorism and the english novel in india / |
| 260 ## - PUBLICATION, DISTRIBUTION, ETC. (IMPRINT) | |
| Place of publication, distribution, etc | New York |
| Name of publisher, distributor, etc | Routledge |
| Date of publication, distribution, etc | 2016 |
| 270 ## - ADDRESS | |
| Address | 711 third avenue |
| City | New York |
| Postal code | NY 10017 |
| 300 ## - PHYSICAL DESCRIPTION | |
| Extent | xi,196p. |
| Dimensions | 24cm(HB) |
| 500 ## - GENERAL NOTE | |
| General note | includs index |
| 942 ## - ADDED ENTRY ELEMENTS (KOHA) | |
| Source of classification or shelving scheme | Dewey Decimal Classification |
| Item type | English Books |
| Classification part | N |
| Call number suffix | BHA |
| Withdrawn status | Lost status | Not for loan | Collection code | Home library | Current library | Date acquired | Source of acquisition | Cost, normal purchase price | Full call number | Barcode | Copy number | Cost, replacement price | Koha item type |
|---|---|---|---|---|---|---|---|---|---|---|---|---|---|
| Fiction | Ashok Vihar | Ashok Vihar | 01/03/2018 | Uppal/14146/27.2.2017/EN/AV/473/15.2.2017/7.3.2017 | 895.00 | N BHA | B-664943 | 1 | 895.00 | English Books | |||
| Not For Loan | Fiction | D.B.Act.Division | Bawana | 03/01/2017 | DBAD/PUB | 895.00 | N BHA | EN-100546 | 1 | 895.00 | English Books | ||
| Fiction | Central Library | Central Library | 09/03/2017 | BPPD/EN/2016-17/307/24.11.2016/13925/07.12.2016/02.01.2017 | 895.00 | N BHA | B-649781 | 1 | 895.00 | English Books | |||
| Fiction | Janak Puri | Janak Puri | 09/03/2017 | BPPD/EN/2016-17/307/24.11.2016/13925/07.12.2016/02.01.2017 | 895.00 | N BHA | B-649784 | 1 | 895.00 | English Books | |||
| Fiction | Karol Bagh | Karol Bagh | 09/03/2017 | BPPD/EN/2016-17/307/24.11.2016/13925/07.12.2016/02.01.2017 | 895.00 | N BHA | B-649786 | 1 | 895.00 | English Books | |||
| Fiction | New Police Line | New Police Line | 09/03/2017 | BPPD/EN/2016-17/307/24.11.2016/13925/07.12.2016/02.01.2017 | 895.00 | N BHA | B-649782 | 1 | 895.00 | English Books | |||
| Fiction | Patel Nagar | Patel Nagar | 09/03/2017 | BPPD/EN/2016-17/307/24.11.2016/13925/07.12.2016/02.01.2017 | 895.00 | N BHA | B-649783 | 1 | 895.00 | English Books | |||
| Fiction | Sarojini Nagar | Sarojini Nagar | 09/03/2017 | BPPD/EN/2016-17/307/24.11.2016/13925/07.12.2016/02.01.2017 | 895.00 | N BHA | B-649785 | 1 | 895.00 | English Books | |||
| Fiction | Shahdara Branch | Shahdara Branch | 09/03/2017 | BPPD/EN/2016-17/307/24.11.2016/13925/07.12.2016/02.01.2017 | 895.00 | N BHA | B-649787 | 1 | 895.00 | English Books |
